Primelocation.com (Record no. 108824)
[ view plain ]
| 000 -LEADER | |
|---|---|
| fixed length control field | 01451cad a22002415a 4500 |
| 001 - CONTROL NUMBER | |
| control field | L145588 |
| 008 - FIXED-LENGTH DATA ELEMENTS--GENERAL INFORMATION | |
| fixed length control field | 081024n2008 xxkab f s 000 0 eng d |
| 035 ## - SYSTEM CONTROL NUMBER | |
| System control number | (Sirsi) u145588 |
| 041 0# - LANGUAGE CODE | |
| Language code of text/sound track or separate title | eng |
| 050 04 - LIBRARY OF CONGRESS CALL NUMBER | |
| Classification number | 333.33 $2 18 |
| 110 2# - MAIN ENTRY--CORPORATE NAME | |
| Corporate name or jurisdiction name as entry element | Primelocation |
| 9 (RLIN) | 5630 |
| 245 00 - TITLE STATEMENT | |
| Title | Primelocation.com |
| Remainder of title | house price index |
| Medium | [electronic resource] |
| 260 ## - PUBLICATION, DISTRIBUTION, ETC. | |
| Place of publication, distribution, etc. | London |
| Name of publisher, distributor, etc. | Primelocation |
| Date of publication, distribution, etc. | 2008 |
| 490 #0 - SERIES STATEMENT | |
| Series statement | Primelocation.com house price index |
| Volume/sequential designation | August 2008 |
| 505 2# - FORMATTED CONTENTS NOTE | |
| Formatted contents note | Prime London sales -- Prime country sales -- Prime London lettings |
| 520 ## - SUMMARY, ETC. | |
| Summary, etc. | Housing market index compiled from the listings of the 2 000 plus members who advertise on this residential property portal. Focuses mainly on the prime market and features charts and statistics for a range of English districts. Statistics provided show a drop of 5.37% in residential prices in London for three consecutive months. Stock levels are 46% higher than last year and the prime country market has fallen after seven consecutive months of price increases. Authors suggest that this may indicate a prolonged downturn in markets that have so far proven very resistant to the current climate of recession. |
| 521 ## - TARGET AUDIENCE NOTE | |
| Target audience note | Advanced |
| 590 ## - LOCAL NOTE (RLIN) | |
| Local note | KA |
| 651 #4 - SUBJECT ADDED ENTRY--GEOGRAPHIC NAME | |
| Geographic name | England and Wales |
| Chronological subdivision | 1543- |
| 690 ## - LOCAL SUBJECT ADDED ENTRY--TOPICAL TERM (OCLC, RLIN) | |
| Topical term or geographic name as entry element | PROPERTY-RESIDENTIAL PROPERTY-RESIDENTIAL PROPERTY MARKET |
| 856 40 - ELECTRONIC LOCATION AND ACCESS | |
| Uniform Resource Identifier | <a href="https://www.primelocation.com/house-price-index/">https://www.primelocation.com/house-price-index/</a> |
| Public note | View the item free of charge online at www.primelocation.com... |
| 942 ## - ADDED ENTRY ELEMENTS (KOHA) | |
| Suppress in OPAC | 0 |
| Withdrawn status | Lost status | Source of classification or shelving scheme | Damaged status | Not for loan | Home library | Current library | Shelving location | Date acquired | Total Checkouts | Full call number | Barcode | Date last seen | Copy number | Price effective from | Koha item type |
|---|---|---|---|---|---|---|---|---|---|---|---|---|---|---|---|
| Dewey Decimal Classification | Virtual | Virtual | Online | 24/10/2008 | ONLINE PUBLICATION | 145588-1001 | 06/08/2019 | 1 | 06/08/2019 | Book |